[Event "16th Asian Games Rapid Women"]
[Site "Guangzhou CHN"]
[Date "2010.11.15"]
[Round "5"]
[White "Harika,D"]
[Black "Pourkashiyan,A"]
[Result "1-0"]
[WhiteElo "2525"]
[BlackElo "2367"]

1.Nf3 d5 2.c4 e6 3.g3 Nf6 4.Bg2 dxc4 5.Na3 Bxa3 6.bxa3 O-O 7.Bb2 Nbd7 8.Rc1 Rb8
9.Rxc4 b5 10.Rc1 Bb7 11.O-O c5 12.d3 Qe7 13.Qc2 Rfc8 14.Qc3 h6 15.Rfd1 a6
16.Ba1 Bd5 17.Bb2 Bb7 18.Ba1 Bd5 19.Qb2 Nb6 20.e4 Ba8 21.Ne5 Nbd7 22.Nxd7 Qxd7
23.Qe2 Qe7 24.Be5 Rb6 25.Qb2 Rd8 26.Qc3 Rc8 27.h3 Rbb8 28.Qb2 Rb6 29.Qc3 Rb7
30.d4 c4 31.d5 Rd7 32.d6 Qd8 33.Bxf6 gxf6 34.e5 Bxg2 35.Kxg2 Rc5 36.f4 Rc8
37.Kg1 Rc5 38.Kg2 Qa8+ 39.Kh2 fxe5 40.fxe5 Qe4 41.Re1 Qf5 42.Rc2 Rd5 43.Rd2 Rxd2+
44.Qxd2 Kh7 45.Qe2 f6 46.exf6 Qxf6 47.Rf1 Qg6 48.Qe5 Qc2+ 49.Kg1 Qg6 50.Kg2 Qc2+
51.Rf2 Qg6 52.h4 Qg4 53.Rf4 Qg6 54.h5 Qc2+ 55.Rf2 Qd1 56.Qxe6 Rg7 57.Qe4+ Kg8
58.Qe6+ Kh7 59.Qf5+ Kh8 60.Qe5 Qd3 61.Rf7  1-0

[Event "III Iberoamerican C"]
[Site "Mexico City MEX"]
[Date "2010.11.15"]
[Round "3"]
[White "Franco Ocampos,Z"]
[Black "Morovic Fernandez,I"]
[Result "1/2-1/2"]
[WhiteElo "2517"]
[BlackElo "2588"]

1.Nf3 d5 2.c4 e6 3.d4 Nf6 4.e3 Be7 5.b3 O-O 6.Bd3 c5 7.O-O cxd4 8.exd4 Nc6
9.Bb2 b6 10.Nc3 Nb4 11.Be2 Bb7 12.Ne5 Rc8 13.Bf3 Ne4 14.Bxe4 dxe4 15.a3 Nc6
16.Nxc6 Bxc6 17.Qe2 f5 18.Rad1 Bf6 19.d5 Bxc3 20.dxc6 Qf6 21.Bxc3 Qxc3 22.Rd7 Rxc6
23.Rxa7 Qxb3 24.Rd1 Qxc4 25.Qxc4 Rxc4 26.h3 Kh8 27.Rdd7 Rg8 28.Rd6 Rc1+ 29.Kh2 Rf1
30.Rxb6 Rxf2 31.Rxe6 h6 32.Rf7 Kh7 33.Kg3 Ra2 34.Rxf5 Rc8 35.Rxe4 Rc3+ 36.Rf3 Ra1
37.Ree3  1/2-1/2

[Event "VI World Blitz"]
[Site "Moscow RUS"]
[Date "2010.11.16"]
[Round "4.2"]
[White "Gelfand,B"]
[Black "Ponomariov,R"]
[Result "0-1"]
[WhiteElo "2741"]
[BlackElo "2744"]

1.Nf3 d5 2.c4 e6 3.b3 d4 4.g3 Nc6 5.Bg2 Nf6 6.O-O e5 7.d3 Be7 8.b4 Nxb4 9.Nxe5 O-O
10.Bb2 c5 11.a3 Na6 12.e3 dxe3 13.fxe3 Nc7 14.Nd2 Nd7 15.Nef3 Rb8 16.Qc2 b5
17.d4 Bb7 18.d5 bxc4 19.e4 Nb6 20.a4 Ba6 21.Rfe1 f6 22.Bc3 Kh8 23.Nh4 Ne8
24.Nf5 Nd6 25.Nxd6 Qxd6  0-1

[Event "VI World Blitz"]
[Site "Moscow RUS"]
[Date "2010.11.16"]
[Round "6.9"]
[White "Kramnik,V"]
[Black "Karjakin,Sergey"]
[Result "0-1"]
[WhiteElo "2791"]
[BlackElo "2760"]

1.Nf3 d5 2.c4 dxc4 3.e3 Nf6 4.Bxc4 e6 5.O-O a6 6.Qe2 c5 7.Rd1 b5 8.Bb3 Bb7
9.a4 b4 10.d3 Be7 11.Nbd2 O-O 12.a5 Bc6 13.d4 Nbd7 14.e4 Qb8 15.e5 Nd5 16.Nc4 Bb5
17.Qe4 cxd4 18.Nxd4 Nc5 19.Qg4 Nxb3 20.Bh6 g6 21.Nxb3 Rc8 22.Nd6 Bxd6 23.exd6 Qxd6
24.Qd4 f6 25.Nd2 Kf7 26.Ne4 Qe7 27.Rac1 Rxc1 28.Rxc1 Rd8 29.Qc5 Qxc5 30.Rxc5 g5
31.h4 Bd3 32.f3 gxh4 33.Rc6 Kg6 34.Bc1 e5 35.Kf2 Bb5 36.Rc5 Ne7 37.Ke1 Nf5
38.Bd2 Nd4 39.Bxb4 h3 40.gxh3 Nxf3+ 41.Kf2 Rd4 42.Bc3 Rxe4 43.Kxf3 Rf4+ 44.Kg3 h5
45.h4 Rg4+ 46.Kf2 Rxh4 47.b4 Rf4+ 48.Ke3 Rf1 49.Rc8 h4 50.Rh8 Kg5 51.Ke4 Bc6+
52.Kd3 Rf3+ 53.Kc2 h3 54.Rg8+ Kf5 55.Rh8 Be4+ 56.Kb3 Bd5+ 57.Kc2 Bc4 58.Bd2 e4
59.Rh4 Bd3+ 60.Kc3 Bb5+ 61.Kc2 e3 62.Bc3 Kg5 63.Rh8 Rf2+ 64.Kd1 h2 65.Be1 Bc6
66.Bxf2 exf2 67.Ke2 h1=Q  0-1

[Event "VI World Blitz"]
[Site "Moscow RUS"]
[Date "2010.11.16"]
[Round "8.4"]
[White "Andreikin,D"]
[Black "Ponomariov,R"]
[Result "1-0"]
[WhiteElo "2683"]
[BlackElo "2744"]

1.Nf3 d5 2.c4 e6 3.e3 Nf6 4.Nc3 a6 5.d4 dxc4 6.Bxc4 b5 7.Bd3 Bb7 8.O-O Nbd7
9.e4 b4 10.e5 bxc3 11.exf6 Qxf6 12.bxc3 Bxf3 13.Qxf3 Qxf3 14.gxf3 Bd6 15.a4 a5
16.Bb5 Ke7 17.c4 Bb4 18.Bf4 Rhc8 19.Bc6 Ra7 20.Rfd1 Nb8 21.Be4 f5 22.Bc2 Nd7
23.d5 Nc5 24.Bg5+ Kf7 25.dxe6+ Kxe6 26.Rd5 g6 27.Be3 c6 28.Bxc5 cxd5 29.Bxa7 Rxc4
30.Bd3 Rc3 31.Rd1 f4 32.Kg2 Ra3 33.Bb5 Ra2 34.Bc6 Bd2 35.Bd4 Kd6 36.Bb5 Be3
37.Bxe3  1-0

[Event "ch-ISR"]
[Site "Haifa ISR"]
[Date "2010.11.17"]
[Round "8.6"]
[White "Zilberman,Y"]
[Black "Reshef,O"]
[Result "1-0"]
[WhiteElo "2481"]
[BlackElo "2015"]

1.Nf3 d5 2.c4 c6 3.e3 Nf6 4.Nc3 g6 5.d4 Bg7 6.Be2 O-O 7.O-O Re8 8.b4 Nbd7
9.Qb3 Nb6 10.c5 Nbd7 11.Bb2 e5 12.Nxe5 Nxe5 13.dxe5 Rxe5 14.Rad1 Qe7 15.Nb1 Re6
16.Nd2 Ne4 17.Nf3 Bxb2 18.Qxb2 Qf6 19.Nd4 Re8 20.Bd3 Ng5 21.Qc2 a6 22.Rd2 Bd7
23.Qb1 Re7 24.a4 Ne6 25.Bc2 Nxd4 26.Rxd4 Qg5 27.h4 Qf6 28.Rfd1 Re5 29.Rf4 Bf5
30.Qb2 Qe6 31.Bxf5 Rxf5 32.Rfd4 Re5 33.b5 axb5 34.axb5 Re8 35.bxc6 bxc6 36.Qb6 Qf6
37.Rf4 Qe6 38.Ra1 Re4 39.Rxe4 dxe4 40.Ra6 Rc8 41.Qb7 h5 42.Ra4 Rd8 43.Qb1 Qe5
44.Rxe4 Qxc5 45.Rf4 Qd6 46.Qb2 Re8 47.Qb7 Qe6 48.Rd4 c5 49.Rd7 c4 50.g3 Qf5
51.Rc7 Qe4 52.Rxf7 Qxb7 53.Rxb7 Rc8 54.Kf1 c3 55.Rb1 Kf7 56.Ke2 Ke6 57.Rc1 Kf5
58.f3 Ke5 59.Kd3 Rf8 60.Rf1 Rc8 61.Rf2 Rc7 62.e4 Rc8 63.f4+ Kf6 64.Rc2 Rd8+
65.Kxc3 Rd1 66.Rd2 Re1 67.Kd4 Ra1 68.Rc2 Ra4+ 69.Rc4 Ra3 70.Rc6+ Kf7 71.Rc3 Ra4+
72.Ke3 Ra1 73.Rb3 Re1+ 74.Kd4 Rd1+ 75.Ke5 Rd7 76.f5 Ra7 77.fxg6+ Kxg6 78.Rb6+ Kg7
79.Kf5 Ra3 80.Rg6+ Kf7 81.Rg5 Rb3 82.Kf4 Rb1 83.Rxh5 Rf1+ 84.Kg4 Ra1 85.Rf5+ Kg7
86.h5 Ra4 87.Kf4 Ra1 88.g4 Rf1+ 89.Kg5 Ra1 90.h6+ Kh7 91.Rf7+ Kg8 92.Re7 Ra6
93.e5 Ra5 94.Kg6 Ra8 95.g5 Rb8 96.e6 Ra8 97.h7+ Kh8 98.Kh6 Rf8 99.g6  1-0

[Event "VI World Blitz"]
[Site "Moscow RUS"]
[Date "2010.11.17"]
[Round "17.5"]
[White "Gelfand,B"]
[Black "Karjakin,Sergey"]
[Result "0-1"]
[WhiteElo "2741"]
[BlackElo "2760"]

1.Nf3 d5 2.c4 dxc4 3.e3 Nf6 4.Bxc4 e6 5.O-O a6 6.b3 Be7 7.Bb2 O-O 8.d4 b5
9.Be2 Bb7 10.a4 b4 11.Nbd2 Nbd7 12.Nc4 c5 13.Rc1 Bd5 14.Nfe5 cxd4 15.Nxd7 Nxd7
16.Bxd4 Rc8 17.Qd2 Nc5 18.Qb2 Bf6 19.Bxf6 Qxf6 20.Qxf6 gxf6 21.Nb6 Rc7 22.Nxd5 exd5
23.Rc2 a5 24.Bf3 Rfc8 25.Bxd5 Nd3 26.Rxc7 Rxc7 27.Rd1 Rc3 28.Rb1 Nc5 29.Kf1 Kf8
30.Ke2 f5 31.Kf3 Ke7 32.g4 fxg4+ 33.Kxg4 Rc2 34.Kg3 Rd2 35.e4 f5 36.f3 Kf6
37.Bc6 fxe4 38.Bxe4 Nxe4+ 39.fxe4 Ke5 40.Rc1 Rd3+ 41.Kg4 Rc3 42.Rf1 Rxb3
43.Rf5+ Kxe4 44.Rxa5 Ra3 45.Kg5 b3 46.h4 Kd3 47.Rb5 Kc2 48.Kh6 b2 49.Rxb2+ Kxb2
50.Kxh7 Rh3  0-1

[Event "VI World Blitz"]
[Site "Moscow RUS"]
[Date "2010.11.18"]
[Round "33"]
[White "Grischuk,A"]
[Black "Karjakin,Sergey"]
[Result "1-0"]
[WhiteElo "2771"]
[BlackElo "2760"]

1.Nf3 d5 2.c4 c6 3.e3 Nf6 4.Nc3 e6 5.b3 Nbd7 6.Qc2 Bd6 7.Bb2 O-O 8.Be2 Qe7
9.O-O b6 10.cxd5 exd5 11.Nd4 Bb7 12.Nf5 Qe6 13.Nxd6 Qxd6 14.d4 Rfe8 15.Rfd1 Nf8
16.a4 Ne6 17.a5 g6 18.Na4 Qc7 19.Rac1 h5 20.Bd3 Ng4 21.g3 Ng5 22.axb6 axb6
23.Rf1 Nh3+ 24.Kh1 Re6 25.Rce1 Rae8 26.Bc1 c5 27.Kg2 Ng5 28.h3 Nf6 29.h4 Nge4
30.Nc3 Nd6 31.Nb5 Qd7 32.Nxd6 Qxd6 33.Bb5 Rc8 34.Qd1 c4 35.bxc4 dxc4+ 36.f3 Nd5
37.Qc2 Nb4 38.Qc3 Nd3 39.e4 f5 40.d5 Re7 41.Bg5 Nxe1+ 42.Rxe1 fxe4 43.fxe4 Rxe4
44.Rxe4 Qxd5 45.Bh6 Qxe4+ 46.Kf2 Qf5+ 47.Ke1 Rc7 48.Bxc4+ Kh7 49.Bg8+ Kxh6
50.Qh8+  1-0

[Event "ch-UKR w"]
[Site "Poltava UKR"]
[Date "2010.11.18"]
[Round "6"]
[White "Brailko,Julia"]
[Black "Goroshkova,L"]
[Result "0-1"]
[WhiteElo "2148"]
[BlackElo "1979"]

1.Nf3 d5 2.c4 e6 3.e3 Nf6 4.b3 Be7 5.Bb2 O-O 6.Be2 c5 7.O-O Nc6 8.d4 b6 9.Nbd2 Bb7
10.Rc1 Rc8 11.h3 Qc7 12.Ne5 Rfd8 13.Ndf3 Ne4 14.cxd5 exd5 15.Nxc6 Bxc6 16.Ne5 Bb7
17.Bg4 Rb8 18.Qc2 Bd6 19.Bf5 g6 20.Bxe4 dxe4 21.Ng4 Bf8 22.dxc5 Bg7 23.Bxg7 Kxg7
24.Qc3+ Kf8 25.Qh8+ Ke7 26.Qf6+ Kf8 27.cxb6 Qxb6 28.Qh8+ Ke7 29.Qxh7 Rbc8
30.Qh4+ Kf8 31.Qh8+ Ke7 32.Qe5+ Qe6 33.Rc7+ Rxc7 34.Qxc7+ Rd7 35.Qc5+ Qd6
36.Qxa7 Ba6 37.Qa8 Bxf1 38.Qxe4+ Kf8 39.Qa4 Rd8 40.Qa5 Be2 41.f3 Bxf3 42.gxf3 Qg3+
43.Kf1 Qxf3+ 44.Kg1 Rd1+ 45.Kh2 Rh1+  0-1

[Event "ch-UKR w"]
[Site "Poltava UKR"]
[Date "2010.11.18"]
[Round "6"]
[White "Vasilevich,T"]
[Black "Aniper,Veronika"]
[Result "1-0"]
[WhiteElo "2417"]
[BlackElo "1746"]

1.Nf3 d5 2.c4 Nf6 3.cxd5 Nxd5 4.d4 e6 5.e4 Nb6 6.Nc3 Be7 7.Be2 O-O 8.O-O N8d7
9.Be3 c5 10.Rc1 cxd4 11.Nxd4 Nc5 12.b4 Ncd7 13.Qb3 a5 14.a3 axb4 15.axb4 Nf6
16.Rfd1 Bd7 17.Ndb5 e5 18.f4 exf4 19.Bxf4 Be6 20.Qb1 Nbd7 21.Nc7 Ra3 22.N3d5 Bxd5
23.exd5 Ne8 24.Qb2 Ra4 25.d6 Bf6 26.Qb3 Ra7 27.Bb5 b6 28.Qh3 Bg5 29.Qxd7 Qxd7
30.Bxd7 Bxf4 31.Bxe8 Be3+ 32.Kf1 Bxc1 33.Rxc1  1-0

[Event "III Iberoamerican KO 3rd-4th"]
[Site "Mexico City MEX"]
[Date "2010.11.20"]
[Round "2.1"]
[White "Iturrizaga,E"]
[Black "Felgaer,R"]
[Result "1-0"]
[WhiteElo "2607"]
[BlackElo "2591"]

1.Nf3 d5 2.c4 d4 3.b4 g6 4.Bb2 Bg7 5.g3 e5 6.d3 Ne7 7.Bg2 O-O 8.Nbd2 a5 9.a3 Ra7
10.O-O b6 11.Qb3 a4 12.Qc2 c5 13.Rfe1 Nf5 14.b5 Re8 15.Rad1 Bb7 16.e3 dxe3
17.fxe3 Bh6 18.Nf1 Nd7 19.Qf2 Qe7 20.g4 Ng7 21.h4 f6 22.Ng3 Ne6 23.Nd2 Rf8
24.Bxb7 Rxb7 25.Qg2 Rbb8 26.Nde4 Kh8 27.Qh3 Rf7 28.Nc3 Rg8 29.Nd5 Qd8 30.g5 Nxg5
31.hxg5 Bxg5 32.Ne4 f5 33.Nxg5 Qxg5+ 34.Qg2 Qh4 35.Qh2 Qg4+ 36.Kf2 f4 37.exf4 Re8
38.Qg3 Qf5 39.Kg2 Kg8 40.fxe5 Qh5 41.e6 Rxe6 42.Rxe6 Qxd1 43.Ne7+ Kf8 44.Nxg6+ hxg6
45.Qd6+  1-0

[Event "TCh-NED"]
[Site "Netherlands NED"]
[Date "2010.11.20"]
[Round "3.3"]
[White "Ree,H"]
[Black "Saltaev,M"]
[Result "0-1"]
[WhiteElo "2385"]
[BlackElo "2483"]

1.Nf3 d5 2.c4 c6 3.b3 Nf6 4.g3 Bf5 5.Bg2 e6 6.O-O Be7 7.Bb2 h6 8.d3 O-O 9.Nbd2 Nbd7
10.Qc2 Bh7 11.a3 a5 12.Bc3 Qb6 13.Qb2 Nc5 14.Bd4 dxc4 15.Nxc4 Qxb3 16.Qd2 Qb5
17.Rfb1 Nb3 18.Qd1 a4 19.Nfd2 Nxd4 20.Rxb5 cxb5 21.Ne5 Nd5 22.Bxd5 exd5 23.Ndf3 Nb3
24.Rb1 Bf5 25.g4 Be6 26.Rxb3 axb3 27.Qxb3 Ra5 28.Nd4 Bd6 29.f4 Bxe5 30.fxe5 Ra4
31.e3 Rfa8 32.Nxe6 Rxg4+ 33.Kf2 fxe6 34.e4 Rd8 35.Qxb5 dxe4 36.d4 Kh7 37.h3 Rf8+
38.Ke2 Rg2+ 39.Ke3 Rf3+ 40.Kxe4 Rxh3  0-1

[Event "Podgaets Memorial"]
[Site "Odessa UKR"]
[Date "2010.11.27"]
[Round "8"]
[White "Demidiukov,E"]
[Black "Kutsykh,M"]
[Result "1/2-1/2"]
[WhiteElo "2327"]
[BlackElo "2295"]

1.Nf3 d5 2.c4 d4 3.g3 c5 4.Bg2 Nc6 5.O-O e5 6.d3 Nf6 7.e3 Be7 8.exd4 cxd4
9.b4 Bxb4 10.Nxe5 Nxe5 11.Qa4+ Nc6 12.Bxc6+ bxc6 13.Qxb4 Qb6 14.Qa3 c5 15.Qa4+ Bd7
16.Re1+ Kf8 17.Qa3 h6 18.Bf4 Kg8 19.Nd2 Kh7 20.Nb3 Rac8 21.f3  1/2-1/2

[Event "National Chess Congress"]
[Site "Philadelphia USA"]
[Date "2010.11.27"]
[Round "3"]
[White "Bonin,J"]
[Black "Strenzwilk,D"]
[Result "1-0"]
[WhiteElo "2322"]
[BlackElo "2005"]

1.Nf3 d5 2.c4 e6 3.g3 Nf6 4.Bg2 Be7 5.O-O O-O 6.d4 c6 7.Nbd2 b6 8.Qc2 Bb7
9.b3 Na6 10.Bb2 Rc8 11.Rac1 c5 12.Qb1 h6 13.Rfd1 Rc7 14.Ne5 Qa8 15.cxd5 exd5
16.Nf1 cxd4 17.Rxc7 Nxc7 18.Bxd4 Ne6 19.Bb2 Rd8 20.Ne3 d4 21.Bxb7 Qxb7 22.Nf5 Bc5
23.Nf3 Qa6 24.N5xd4 Nxd4 25.Nxd4 Qc8 26.Nf3 Rxd1+ 27.Qxd1 Qf5 28.Qd8+ Kh7
29.Bxf6 gxf6 30.Qc7 Kg7 31.Qxa7 Qe4 32.Qa6 Qb1+ 33.Kg2 Qb2 34.Nh4 Qc2 35.Qc4 Qxa2
36.Nf5+ Kf8 37.Nxh6 Qa7 38.Nf5 Qb7+ 39.e4 Qd7 40.Qd5  1-0

[Event "11th Puhajarve Rapid"]
[Site "Harjumaa EST"]
[Date "2010.11.28"]
[Round "28"]
[White "Vaher,A"]
[Black "Nyback,T"]
[Result "0-1"]
[WhiteElo "2179"]
[BlackElo "2650"]

1.Nf3 d5 2.c4 c6 3.g3 Nf6 4.Bg2 Bg4 5.O-O Nbd7 6.b3 e5 7.d3 Bd6 8.Bb2 O-O
9.Nbd2 Re8 10.e4 dxe4 11.dxe4 Nc5 12.Qc2 Bc7 13.Rad1 Qd3 14.Qxd3 Nxd3 15.Bc3 a5
16.h3 Bh5 17.g4 Bg6 18.Nh4 Rad8 19.Nxg6 hxg6  0-1

[Event "TCh-SVK Extraliga 2010-11"]
[Site "Kosice SVK"]
[Date "2010.11.28"]
[Round "2"]
[White "Rachela,M"]
[Black "Stocek,J"]
[Result "1-0"]
[WhiteElo "2395"]
[BlackElo "2567"]

1.Nf3 d5 2.c4 dxc4 3.e4 c5 4.Bxc4 Nc6 5.b4 e6 6.bxc5 Bxc5 7.Bb2 Bxf2+ 8.Kxf2 Qb6+
9.d4 Qxb2+ 10.Qd2 Qxa1 11.Re1 Nf6 12.Nc3 Qxe1+ 13.Kxe1 O-O 14.Qf4 b5 15.Bd3 e5
16.dxe5 Nd7 17.Bxb5 Nd8 18.Nd5 Ne6 19.Ne7+ Kh8 20.Qh4 Ndc5 21.Nf5 Rb8 22.Bc4 Rb4
23.Nd6 Kg8 24.Qe7 Nxe4 25.Bb3 Nxd6 26.exd6 Re4+ 27.Kf2 Nc5 28.Qxa7 Nd3+ 29.Kg1 Bf5
30.h3 h6 31.Bd5 Rf4 32.Nd4 Bg6 33.d7 Nb4 34.Qc5 Rd8 35.Qxb4 Kh7 36.Bc6  1-0

[Event "ch-RSSU"]
[Site "Moscow RUS"]
[Date "2010.12.02"]
[Round "2"]
[White "Ponkratov,P"]
[Black "Ivakhinova,I"]
[Result "1-0"]
[WhiteElo "2585"]
[BlackElo "2324"]

1.Nf3 d5 2.c4 e6 3.cxd5 exd5 4.g3 Nf6 5.Bg2 Bd6 6.O-O O-O 7.Nc3 Re8 8.Qc2 c6
9.d3 Bg4 10.e4 Nbd7 11.h3 Bh5 12.Nh4 dxe4 13.dxe4 Bc5 14.Na4 Bf8 15.f4 b5
16.Nc3 Bg6 17.Nxg6 hxg6 18.e5 Nh7 19.Kh2 Rc8 20.Be3 Qc7 21.Rad1 Red8 22.Ne2 c5
23.Nc3 a6 24.a4 Qb8 25.axb5 axb5 26.Qf2 b4 27.Ne4 Be7 28.Nxc5 Nxc5 29.Rxd8+ Rxd8
30.Bxc5 Bxc5 31.Qxc5 Nf8 32.Rf2 Ne6 33.Qe3 Qb5 34.Bf1 Qc6 35.h4 Rd1 36.Bg2 Qc7
37.Bf3 Rc1 38.Bd5 Rd1 39.Bf3 Rc1 40.Be4 Rd1 41.Rc2 Qd7 42.b3 Nd4 43.Ra2 Qb5
44.h5 Kh7 45.hxg6+ fxg6 46.Rd2 Rxd2+ 47.Qxd2 Nxb3 48.Qd1 Na5 49.Qh5+ Kg8
50.Bxg6 b3 51.Qh7+ Kf8 52.Qh8+ Ke7 53.Qxg7+ Kd8 54.Qf8+ Kc7 55.Qd6+ Kb7 56.Bd3 Qa4
57.e6 b2 58.e7 Qa2 59.Be4+ Ka7 60.Qc7+  1-0

[Event "WCh Women"]
[Site "Antakya TUR"]
[Date "2010.12.04"]
[Round "1.1"]
[White "Harika,D"]
[Black "Nadig,K"]
[Result "1/2-1/2"]
[WhiteElo "2525"]
[BlackElo "2230"]

1.Nf3 d5 2.c4 c6 3.e3 Nf6 4.Nc3 a6 5.Qc2 g6 6.d4 Bg7 7.Bd3 O-O 8.O-O b5 9.b3 Be6
10.Ne2 bxc4 11.bxc4 dxc4 12.Bxc4 Bd5 13.Ba3 Re8 14.Ne5 Nfd7 15.Nd3 Nb6 16.Bb3 a5
17.Nc5 N8d7 18.e4 Bxb3 19.axb3 Qc7 20.Rfc1 e5 21.Bb2 exd4 22.Bxd4 Nxc5 23.Qxc5 Rxe4
24.Bxg7 Kxg7 25.Ng3 Re6 26.h4 Nd7 27.Qd4+ Nf6 28.Rc5 Rb8 29.Qc3 h5 30.Rcxa5 Qb6
31.Ra6 Qxb3 32.Rxc6 Qxc3 33.Rxc3 Rb4 34.Rc7 Ne8 35.Rca7 Rxh4 36.f3 Rc4 37.Ne4 Rc7
38.Rxc7 Nxc7 39.Rd1 Re7 40.Nc5 Kf6 41.Ne4+ Ke5 42.Nc3 f5 43.Kf2 f4 44.g3 fxg3+
45.Kxg3 Kf5 46.Rd8 g5 47.Rf8+ Kg6 48.Rg8+ Rg7 49.Rb8 Ne6 50.Rb6 Kf7 51.Ne4 Rg6
52.Rb7+ Kg8 53.Rb8+ Kh7 54.Rb7+ Kg8 55.Rb8+ Kh7 56.Rb7+ Kg8  1/2-1/2

[Event "2nd Pilsen Open"]
[Site "Plzen CZE"]
[Date "2010.12.04"]
[Round "1"]
[White "Ruzicka,V1"]
[Black "Janocko,P"]
[Result "0-1"]
[WhiteElo "1712"]
[BlackElo "2087"]

1.Nf3 d5 2.c4 c6 3.g3 Nf6 4.b3 dxc4 5.bxc4 Bg4 6.Bb2 Bxf3 7.exf3 e6 8.Bg2 Qd3
9.Qb3 Qxb3 10.axb3 Nbd7 11.d4 Bd6 12.O-O O-O 13.Nd2 Bb4 14.Ne4 a5 15.Ba3 Nxe4
16.fxe4 e5 17.Bxb4 axb4 18.dxe5 Nxe5 19.Rfd1 Ra3 20.Bf1 Rfa8 21.Rxa3 bxa3
22.Be2 a2 23.Ra1 c5 24.f4 Nc6 25.Bd1 Nb4 26.Kf1 Rd8 27.Ke2 Kf8 28.e5 g6 29.Rc1 Rd4
30.Ra1 g5 31.fxg5 Re4+ 32.Kd2 Rxe5 33.h4 Re4 34.g4 Rd4+ 35.Kc3 Rd3+ 36.Kb2 Ke7
37.h5 Rd2+ 38.Kc3 Rf2 39.Rc1 Kd6 40.Ra1 Ke5 41.Rc1 Kf4 42.Ra1 Kxg5 43.Rc1 Kf4
44.Ra1 Ke3 45.Rc1 Rf6 46.Ra1 h6 47.Rc1 Rd6 48.Ra1 f6 49.Bc2 Rd2 50.Bd1 Rd3+
51.Kb2 Kd2 52.Ka3 Rg3 53.Kb2 Rh3 54.Ka3 Rh1 55.Kb2 Rxd1 56.Rxd1+ Kxd1 57.Ka1 Ke2  0-1

[Event "TCh-SWE Elitserien 2010-11"]
[Site "Sweden SWE"]
[Date "2010.12.04"]
[Round "5"]
[White "Svenn,M"]
[Black "Thornert,H"]
[Result "0-1"]
[WhiteElo "2214"]
[BlackElo "2216"]

1.Nf3 d5 2.c4 d4 3.e3 Nc6 4.b4 dxe3 5.fxe3 Nxb4 6.d4 e5 7.a3 Nc6 8.d5 e4
9.dxc6 Qxd1+ 10.Kxd1 exf3 11.gxf3 Ne7 12.cxb7 Bxb7 13.Ke2 Ng6 14.Nd2 Be7
15.Rb1 Bc6 16.Bb2 O-O 17.Rg1 Rfe8 18.Bd4 Rad8 19.Nb3 Bh4 20.Bg2 Ba4 21.Nc5 Bc2
22.Rbc1 Rxd4 23.Rxc2 Nf4+  0-1

[Event "WCh Women"]
[Site "Antakya TUR"]
[Date "2010.12.05"]
[Round "1.2"]
[White "Cramling,P"]
[Black "Yildiz,B"]
[Result "0-1"]
[WhiteElo "2526"]
[BlackElo "2225"]

1.Nf3 d5 2.c4 dxc4 3.Qa4+ Nc6 4.e3 Bd7 5.Bxc4 e6 6.Qc2 Na5 7.Be2 c5 8.b3 Nf6
9.Bb2 Be7 10.O-O Rc8 11.d3 O-O 12.Nbd2 b6 13.Rac1 Nc6 14.Qb1 Ne8 15.a3 Bf6
16.b4 cxb4 17.axb4 Nd6 18.Bxf6 Qxf6 19.d4 Qe7 20.Qb2 Rb8 21.b5 Na5 22.Qb4 Bc8
23.Ne5 Bb7 24.e4 Rbc8 25.Nec4 Naxc4 26.Nxc4 Rfd8 27.Nxd6 Rxd6 28.Rxc8+ Bxc8
29.Ra1 Bb7 30.f3 Qd7 31.Rd1 Qc7 32.Qa3 Rd8 33.Qc1 Qd6 34.Qd2 Qc7 35.Qc1 Qe7
36.Qa1 Qc7 37.Qc1 Qd7 38.Qd2 Qc7 39.Qc1 Qd7  0-1

[Event "TCh-BEL 2010-11"]
[Site "Belgium BEL"]
[Date "2010.12.05"]
[Round "5.3"]
[White "Laurent,Ju"]
[Black "Van der Stricht,G"]
[Result "1/2-1/2"]
[WhiteElo "2278"]
[BlackElo "2392"]

1.Nf3 d5 2.c4 c6 3.g3 Bg4 4.Ne5 Be6 5.Bg2 Nd7 6.cxd5 Bxd5 7.Nf3 e5 8.d3 Bb4+
9.Nc3 Ne7 10.O-O Bxf3 11.Bxf3 O-O 12.a3 Ba5 13.b4 Bb6 14.Rb1 Nf5 15.b5 Nd4
16.Bg2 Rc8 17.bxc6 bxc6 18.Na4 Qe7  1/2-1/2

[Event "FSFMA November"]
[Site "Budapest HUN"]
[Date "2010.12.05"]
[Round "2"]
[White "Czibulka,Z"]
[Black "Koczo,K"]
[Result "1/2-1/2"]
[WhiteElo "2092"]
[BlackElo "2187"]

1.Nf3 d5 2.c4 dxc4 3.Na3 c5 4.Nxc4 Nc6 5.g3 b5 6.Na3 a6 7.Bg2 Bb7 8.O-O Nf6
9.Nc2 g6 10.b3 Bg7 11.Bb2 O-O 12.Rc1 Ne4 13.Bxg7 Kxg7 14.Nce1 b4 15.Nd3 Qd6
16.Qc2 Nd4 17.Qb2 e5 18.Nxd4 cxd4 19.f3 Nf6 20.Rc4 a5 21.Rfc1 Rac8 22.Rxc8 Rxc8
23.Rxc8 Bxc8 24.Qc2 Ba6 25.Kf2 Nd7 26.Ke1 f5 27.Nb2 Nc5 28.Bf1 f4 29.Nc4 Bxc4
30.Qxc4 g5 31.g4 Nd7 32.Qc8 Nc5 33.Qf5 h6 34.Qc2 Qd5 35.h3 d3 36.exd3 Qd4
37.Qc4 Qxc4 38.dxc4 Kf6 39.Kd1 Ke7 40.Kc2 Kd6 41.Bd3 a4 42.bxa4 Nxa4 43.Bf5 Nc5
44.d3 Kc6 45.Kb2 Kb6 46.a3 Ka5 47.axb4+ Kxb4 48.Kc2 Nb3 49.Be4 Nd4+ 50.Kd2 Kc5
51.Bd5 Kb4  1/2-1/2

[Event "TCh-HUN 2010-11"]
[Site "Budapest HUN"]
[Date "2010.12.05"]
[Round "4"]
[White "Gonda,L"]
[Black "Farago,S"]
[Result "1-0"]
[WhiteElo "2550"]
[BlackElo "2272"]

1.Nf3 d5 2.c4 c6 3.g3 Nf6 4.Bg2 dxc4 5.O-O Nbd7 6.Qc2 Nb6 7.Na3 Qd5 8.Ne1 Qe6
9.d3 cxd3 10.Nxd3 Nfd7 11.b4 Qg6 12.f4 e6 13.e4 Be7 14.Bb2 O-O 15.Rae1 Bf6
16.Bc1 Bd4+ 17.Kh1 e5 18.Rd1 f6 19.fxe5 fxe5 20.Qb3+ Kh8 21.Nc2 Qe8 22.Nxd4 exd4
23.Bb2 Rxf1+ 24.Rxf1 Nf6 25.Bxd4 Be6 26.Qc3 Nbd7 27.a4 Qe7 28.Nc5 Rb8 29.Nxd7 Nxd7
30.Bxa7 Ra8 31.Bc5 Nxc5 32.bxc5 Bf7 33.Qd4 Rg8 34.Qd6 Qe8 35.e5 Be6 36.a5 h6
37.a6 bxa6 38.Bxc6 Qc8 39.Bg2 Rd8 40.Qe7 Re8 41.Qd6 Rd8 42.Qb6 Bc4 43.Rc1 Rd2
44.Qb4 Qg4 45.Qxd2  1-0

[Event "TCh-HUN 2010-11"]
[Site "Decs HUN"]
[Date "2010.12.05"]
[Round "4"]
[White "Toth,Sar"]
[Black "Kis,B1"]
[Result "1/2-1/2"]
[WhiteElo "2200"]
[BlackElo "2041"]

1.Nf3 d5 2.c4 e6 3.g3 Nf6 4.Bg2 c5 5.O-O Nc6 6.cxd5 exd5 7.d4 Be6 8.Nc3 cxd4
9.Nxd4 Be7 10.Nxe6 fxe6 11.Bh3 d4 12.Nb5 a6 13.Na3 Qd5 14.Bg2 Qd7 15.Nc4 Bc5
16.Bf4 O-O 17.Qb3 Nd5 18.Ne5 Nxe5 19.Bxe5 Rf5 20.Qc4 Rc8 21.Bxd4 Nb6 22.Qb3 Qxd4
23.Qxe6+ Rf7 24.Bxb7 Rb8 25.Bxa6 Qxb2 26.Rad1 Qa3 27.Bb5 Qb4 28.Be8 Rxe8
29.Qxe8+ Rf8 30.Qe6+ Kh8 31.e3 Nc4 32.Rb1 Qa4 33.Rbc1 Nd2 34.Rfd1 Nf3+ 35.Kg2 Ba3
36.Rb1 Qc2 37.Rf1 Nd2 38.Rbd1 Ne4 39.Qb3 Rxf2+ 40.Rxf2 Qxf2+ 41.Kh1 Qf3+
42.Kg1 Nf2 43.Rd8+ Bf8 44.Qe6 h5 45.Qc8 Nh3+ 46.Qxh3 Qxe3+ 47.Kf1 Qf3+ 48.Kg1 Qe3+
49.Kf1 Qf3+ 50.Kg1 Qe3+  1/2-1/2

[Event "Frauenbundesliga 1st Div 2010-11"]
[Site "Germany GER"]
[Date "2010.12.05"]
[Round "4.1"]
[White "Mader,Ma"]
[Black "Kononenko,T"]
[Result "0-1"]
[WhiteElo "2192"]
[BlackElo "2381"]

1.Nf3 d5 2.c4 d4 3.b4 g6 4.Bb2 Bg7 5.e3 e5 6.exd4 exd4 7.Bd3 Ne7 8.O-O O-O
9.h3 a5 10.a3 c5 11.Qb3 Na6 12.bxa5 Qxa5 13.Re1 Re8 14.Be4 Rb8 15.Qb5 Qd8
16.a4 Bd7 17.Qb3 Qa5 18.Bc2 Nb4 19.Na3 Nec6 20.Nb5 Qb6 21.Bd3 Na5 22.Qa3 Bf5
23.Bxf5 Nxc4 24.Qb3 Na5 25.Rxe8+ Rxe8 26.Qd1 gxf5 27.Nh4 Qf6 28.Qh5 Nc4 29.Ba3 Nc2
30.Nc7 Re4 31.Nxf5 Nxa1  0-1

[Event "Channukah Closed"]
[Site "Haifa ISR"]
[Date "2010.12.05"]
[Round "4.1"]
[White "Zilberman,Y"]
[Black "Postny,E"]
[Result "1-0"]
[WhiteElo "2481"]
[BlackElo "2604"]

1.Nf3 d5 2.c4 c6 3.e3 Nf6 4.Nc3 a6 5.Be2 b5 6.cxd5 cxd5 7.b4 e6 8.a3 Bd6
9.Bb2 O-O 10.O-O Nbd7 11.Nd4 Nb6 12.d3 Qc7 13.f4 Bd7 14.Rc1 Qa7 15.Kh1 e5
16.Nf5 Bxf5 17.fxe5 d4 18.exd4 Nfd5 19.Nxd5 Nxd5 20.Qd2 Be6 21.exd6 Rad8
22.Rc6 Bd7 23.Rc5 Be6 24.Bf3 Rxd6 25.Re1 Qd7 26.Qg5 Rd8 27.Qg3 f6 28.Rec1 Qf7
29.Rc6 Qe7 30.h3 Qf8 31.R1c5 Bf7 32.Bc1 Rxc6 33.Rxc6 Rc8 34.Rc5 Rd8 35.Bd2 Qe8
36.Bh6 Qf8 37.Bd2 Qe8 38.Be4 Kh8 39.Qh4 Bg8 40.Bf3 Qd7 41.Qg3 Qe8 42.Kh2 Bf7
43.Be4 Bg8 44.Kh1 Bf7 45.Qf3 Qd7 46.Be1 Bg8 47.Bg3 Qe6 48.Bf5 Qe8 49.Qe4 Qf8
50.Rc6 Ne7 51.Rxa6 Bd5 52.Qg4 Nxf5 53.Qxf5 h6 54.Bc7 Ra8 55.Rb6 Qf7 56.Bg3 Rd8
57.Rxb5 g6 58.Qf4 Kg7 59.Rc5 Qe8 60.b5 g5 61.Qf5 Bf7 62.b6 Qe7 63.Rc7 Qe3
64.Be5  1-0

[Event "2nd Pilsen Open"]
[Site "Plzen CZE"]
[Date "2010.12.05"]
[Round "2"]
[White "Hubka,R"]
[Black "Blecha,Mir"]
[Result "1/2-1/2"]
[WhiteElo "2032"]
[BlackElo "2194"]

1.Nf3 d5 2.c4 c6 3.b3 Nf6 4.Bb2 Bf5 5.cxd5 cxd5 6.g3 e6 7.d3 Nc6 8.Nbd2 Rc8
9.Rc1 Be7 10.Bg2 O-O 11.O-O Qa5 12.a3 b5 13.b4 Qb6 14.Nb3 a5 15.Nfd4 axb4
16.Nxf5 exf5 17.axb4 Nxb4 18.Qd2 Qe6 19.Nd4 Qd7 20.Bc3 Na6 21.Rb1 b4 22.Ba1 Rb8
23.Rfc1 Rfc8 24.Qf4 g6 25.Nb3 Rxc1+ 26.Rxc1 Rb6 27.Qd4 Rc6 28.Rxc6 Qxc6 29.e4 dxe4
30.dxe4 fxe4 31.Bf1 Nc7 32.Qe5 Ne6 33.Nd4 Qd5 34.Qb8+ Qd8 35.Qe5 Nxd4 36.Bxd4 Qd5
37.Qb8+ Kg7 38.Qb6 b3 39.Be2 Qd6 40.Qxd6 Bxd6 41.Bc4  1/2-1/2

[Event "31st Crespi Memorial"]
[Site "Milan ITA"]
[Date "2010.12.06"]
[Round "3"]
[White "Vezzosi,P"]
[Black "Lapiccirella,D"]
[Result "1/2-1/2"]
[WhiteElo "2379"]
[BlackElo "2225"]

1.Nf3 d5 2.c4 c6 3.b3 Nf6 4.Bb2 Bg4 5.g3 Nbd7 6.Bg2 e6 7.O-O Bd6 8.d4 O-O
9.Nbd2 Qb8 10.Re1 Rd8 11.cxd5 cxd5 12.h3 Bxf3 13.Nxf3 a5 14.Qd3 a4 15.Nd2 axb3
16.axb3 Bb4 17.Rxa8 Qxa8 18.Ra1 Qb8 19.Nf3 Bd6 20.Ne1 Qc7 21.Qb5 Qc6 22.Qd3 Qb6
23.Bf3 Rc8 24.Kg2 h6 25.Ra4 Ne4 26.Qe3 Ndf6 27.Ra1 Bb4 28.Qd3 Bc3 29.Rb1 Bxb2
30.Rxb2 Rc3  1/2-1/2